Tim Burton's Corpse bride (Record no. 807)

MARC details
000 -LEADER
fixed length control field 03568cgm a2200685Ia 4500
003 - CONTROL NUMBER IDENTIFIER
control field data
005 - DATE AND TIME OF LATEST TRANSACTION
control field 20260322212035.0
007 - PHYSICAL DESCRIPTION FIXED FIELD--GENERAL INFORMATION
fixed length control field data
008 - FIXED-LENGTH DATA ELEMENTS--GENERAL INFORMATION
fixed length control field data
020 ## - INTERNATIONAL STANDARD BOOK NUMBER
International Standard Book Number 1419802453
020 ## - INTERNATIONAL STANDARD BOOK NUMBER
International Standard Book Number 9781419802454
024 1# - OTHER STANDARD IDENTIFIER
Standard number or code 012569593503
028 41 - PUBLISHER OR DISTRIBUTOR NUMBER
Publisher or distributor number 59350
Source Warner Home Video
037 ## - SOURCE OF ACQUISITION
Source of stock number/acquisition Midwest Tapes
Note http://www.midwesttapes.com
040 ## - CATALOGING SOURCE
Original cataloging agency TEFMT
Transcribing agency TEFMT
Modifying agency UMC
-- RCS
-- MNL
-- EHH
-- Z5U
-- OCLCQ
-- FDAGB
-- UMC
041 1# - LANGUAGE CODE
Language code of text/sound track or separate title spa
-- fre
-- spa
Language code of subtitles spa
-- fre
-- spa
Language code of original eng
050 #4 - LIBRARY OF CONGRESS CALL NUMBER
Classification number PN1997.5
Item number .T548 2005
050 14 - LIBRARY OF CONGRESS CALL NUMBER
Classification number PS3612.Y45
Item number T56 2005
082 04 - DEWEY DECIMAL CLASSIFICATION NUMBER
Classification number 791.43/72
Edition information 22
082 04 - DEWEY DECIMAL CLASSIFICATION NUMBER
Classification number 791.4334
Edition information 22
099 ## - LOCAL FREE-TEXT CALL NUMBER (OCLC)
Classification number DVD 722
001 - CONTROL NUMBER
control field data
245 10 - TITLE STATEMENT
Title Tim Burton's Corpse bride
Medium [videorecording] /
Statement of responsibility, etc. Tim Burton ... [et al.].
246 30 - VARYING FORM OF TITLE
Title proper/short title Corpse bride.
250 ## - EDITION STATEMENT
Edition statement Full screen ed.
260 ## - PUBLICATION, DISTRIBUTION, ETC.
Place of publication, distribution, etc. [Burbank, CA] :
Name of publisher, distributor, etc. Warner Home Video,
Date of publication, distribution, etc. [2005]
300 ## - PHYSICAL DESCRIPTION
Extent 1 videodisc (ca. 77 min.) :
Other physical details sd., col. ;
Dimensions 4 3/4 in.
500 ## - GENERAL NOTE
General note Originally released as a motion picture in 2005.
500 ## - GENERAL NOTE
General note Special features: "Inside the two worlds": includes interviews, behind-the-scenes footage, and production drawings (4 min.); Danny Elfman interprets the two worlds (5 min.); "The animators: the breath of life" featurette (7 min.); "Tim Burton: Dark vs. light" featurette (4 min.); "Voices from the underworld" featurette (6 min.); Making puppets tick (7 min.); "The voices behind the voice" (8 min.); 'The corpse bride' pre-production galleries (14 min.); music-only track; trailer (2 min.).
506 ## - RESTRICTIONS ON ACCESS NOTE
Terms governing access For private home use only.
508 ## - CREATION/PRODUCTION CREDITS NOTE
Creation/production credits note Director of photography, Pete Kozachik ; art director, Nelson Lowry ; editors, Jonathan Lucas, Chris Lebenzon ; music, Danny Elfman ; production designer, Alex McDowell ; visual effects supervisors, Pete Kozachik, Jessica Norman.
511 0# - PARTICIPANT OR PERFORMER NOTE
Participant or performer note Voices: Johnny Depp, Helena Bonham Carter, Emily Watson, Tracey Ullman, Paul Whitehouse, Joanna Lumley, Albert Finney, Richard E. Grant, Christopher Lee.
520 ## - SUMMARY, ETC.
Summary, etc. Victor has messed up his vows during a wedding rehearsal, and is traveling through the woods, reciting his vows. He stops to rest in the woods, and while practicing. He finally gets them right and ceremoniously puts the wedding ring on a finger-shaped stick in the ground and says his wedding vows. The stick turns out to be a rotted finger belonging to a murdered girl who has returned as a zombie and insists that she is now Victor's lawfully wedded wife.
521 8# - TARGET AUDIENCE NOTE
Target audience note MPAA rating: PG; for some scary images and action, and brief mild language.
538 ## - SYSTEM DETAILS NOTE
System details note DVD, region 1, full screen (1.33:1) presentation.
546 ## - LANGUAGE NOTE
Language note Closed-captioned; dialogue in English, French or Spanish with optional subtitles in English, French or Spanish.
650 #0 - SUBJECT ADDED ENTRY--TOPICAL TERM
Topical term or geographic name entry element Brides
Form subdivision Drama.
650 #0 - SUBJECT ADDED ENTRY--TOPICAL TERM
Topical term or geographic name entry element Marriage service
Form subdivision Drama.
650 #0 - SUBJECT ADDED ENTRY--TOPICAL TERM
Topical term or geographic name entry element Murder victims
Form subdivision Drama.
655 #0 - INDEX TERM--GENRE/FORM
Genre/form data or focus term Feature films.
655 #0 - INDEX TERM--GENRE/FORM
Genre/form data or focus term Fantasy films.
655 #0 - INDEX TERM--GENRE/FORM
Genre/form data or focus term Romance films.
655 #0 - INDEX TERM--GENRE/FORM
Genre/form data or focus term Stop-motion animation films.
655 #7 - INDEX TERM--GENRE/FORM
Genre/form data or focus term Comedy
Form subdivision Feature.
-- Feature.
Source of term migfg.
655 #7 - INDEX TERM--GENRE/FORM
Genre/form data or focus term Fantasy
Form subdivision Feature.
-- Feature.
Source of term migfg.
655 #0 - INDEX TERM--GENRE/FORM
Genre/form data or focus term Video recordings for the hearing impaired.
700 1# - ADDED ENTRY--PERSONAL NAME
Personal name Burton, Tim,
Dates associated with a name 1958-
700 1# - ADDED ENTRY--PERSONAL NAME
Personal name Johnson, Mike
Fuller form of name (Michael W.)
700 1# - ADDED ENTRY--PERSONAL NAME
Personal name Abbate, Allison.
700 1# - ADDED ENTRY--PERSONAL NAME
Personal name Depp, Johnny.
700 1# - ADDED ENTRY--PERSONAL NAME
Personal name Bonham Carter, Helena,
Dates associated with a name 1966-
700 1# - ADDED ENTRY--PERSONAL NAME
Personal name Watson, Emily,
Dates associated with a name 1967-
700 1# - ADDED ENTRY--PERSONAL NAME
Personal name Ullman, Tracey.
700 1# - ADDED ENTRY--PERSONAL NAME
Personal name Whitehouse, Paul.
700 1# - ADDED ENTRY--PERSONAL NAME
Personal name Kozachik, Pete.
700 1# - ADDED ENTRY--PERSONAL NAME
Personal name Elfman, Danny.
710 2# - ADDED ENTRY--CORPORATE NAME
Corporate name or jurisdiction name as entry element Warner Bros. Pictures (1969- )
710 2# - ADDED ENTRY--CORPORATE NAME
Corporate name or jurisdiction name as entry element LAIKA (Firm)
710 2# - ADDED ENTRY--CORPORATE NAME
Corporate name or jurisdiction name as entry element Warner Home Video (Firm)
Holdings
Withdrawn status Lost status Damaged status Not for loan Home library Current library Shelving location Date acquired Total checkouts Full call number Barcode Date last seen Price effective from Koha item type
        Centerville Centerville General stacks 22/03/2026   791.43/72 22 BC0010831 22/03/2026 22/03/2026 Books